Macbeth / (Record no. 11721)
[ view plain ]
| 000 -LEADER | |
|---|---|
| fixed length control field | 00761nam a2200241 a 4500 |
| 001 - CONTROL NUMBER | |
| JCCL Control Number | 11721 |
| 003 - CONTROL NUMBER IDENTIFIER | |
| JCCL marc code | BD-JhCC |
| 005 - DATE AND TIME OF LATEST TRANSACTION | |
| control field | 20200809120242.0 |
| 008 - FIXED-LENGTH DATA ELEMENTS--GENERAL INFORMATION | |
| fixed length control field | 200809b2015 ii a|||| ||a| 001 0 eng d |
| 020 ## - INTERNATIONAL STANDARD BOOK NUMBER | |
| International Standard Book Number | 9789385436284 |
| 035 ## - SYSTEM CONTROL NUMBER | |
| system control number | (BD-JhCC)11721 |
| 040 ## - CATALOGING SOURCE | |
| Original cataloging agency | BD-JhCC |
| Modifying agency | BD-JhCC |
| 041 ## - LANGUAGE CODE | |
| Language code of Book | eng |
| 082 ## - DEWEY DECIMAL CLASSIFICATION NUMBER | |
| Classification number | 822.33 |
| Author mark and Year | CLA 2015 |
| 100 ## - MAIN ENTRY--PERSONAL NAME | |
| Personal name | Clark, Sandra |
| 245 ## - TITLE STATEMENT | |
| Title | Macbeth / |
| Statement of responsibility, etc | Sandra Clark, Pamela Mason . |
| 260 ## - PUBLICATION, DISTRIBUTION, ETC. (IMPRINT) | |
| Place of publication, distribution, etc | India: |
| Name of publisher, distributor, etc | Bloomsbury; |
| Date of publication, distribution, etc | 2015. |
| 300 ## - PHYSICAL DESCRIPTION | |
| Pagination | 381 p. : |
| Other physical details | ill; |
| Dimensions | 20 cm. |
| 651 ## - SUBJECT ADDED ENTRY--GEOGRAPHIC NAME | |
| Geographic name | Macbeth, King of Scotland, active 11th century |
| Form subdivision | Regicides |
| General subdivision | Shakespeare, William, 1564-1616 |
| Chronological subdivision | Gruoch, Queen, consort of Macbeth, King of Scotland |
| Geographic subdivision | Macbeth (Shakespeare, William) |
| 700 ## - ADDED ENTRY--PERSONAL NAME | |
| Personal name | Mason, Pamela |
| 942 ## - ADDED ENTRY ELEMENTS (KOHA) | |
| Source of classification or shelving scheme | Dewey Decimal Classification |
| Koha item type | Books |
| Source of classification or shelving scheme | Damaged status | Not for loan | Home library | Current library | Shelving location | Date of accession | Cost, normal purchase price | Total Checkouts | Full call number | Barcode | Date last seen | Date checked out | Copy number | Koha item type |
|---|---|---|---|---|---|---|---|---|---|---|---|---|---|---|
| Dewey Decimal Classification | JCC Rouf Library | JCC Rouf Library | General Stacks | 08/09/2020 | 538.00 | 4 | 822.33 CLA 2015 | 15963 | 11/11/2025 | 11/04/2025 | C-1 | Books |